| 000 | 01971nam a2200265 4500 | ||
|---|---|---|---|
| 003 | DO-SdBJH | ||
| 005 | 20260701203855.0 | ||
| 008 | 260701b2025 |||o|||| |||| 00| 0 spa d | ||
| 040 |
_aDO-SdBJH _bspa _cDO-SdBJH |
||
| 041 | 0 | _aspa | |
| 090 |
_aCT CM-0009 _bAMBC 2025 |
||
| 100 | 1 |
_aSantos Jiménez, Breidy _esustentante |
|
| 245 | 1 | 0 |
_aOptimización de la cadena de suministro militar para mejorar la logística de las tropas en las operaciones de seguridad de la 4ta Brigada de Infantería / _cBreidy Santos Jiménez, Wester Segura Domínguez ; asesor de contenido Pedro Reyes Calderón ; asesor metodológico Reynaldo Cruz Camacho. |
| 260 |
_aSanto Domingo, República Dominicana : _bUNADE, _c2025. |
||
| 300 |
_axiv, 57, [04] páginas : _bfotografías. |
||
| 502 | _aTesis y trabajos de grado (Licenciatura en Ciencias Militares)--Universidad Nacional para la Defensa "General Juan Pablo Duarte y Díez", Academia Militar "Batalla de las Carreras", Santo Domingo, 2025. | ||
| 504 | _aIncluye referencias bibliográficas y anexos. | ||
| 505 | _aDiagnóstico de limitaciones estructurales, operativas y administrativas en la cadena de suministro de la 4ta Brigada de infantería -- Análisis de modelos y estrategias de optimización logística aplicables al contexto militar fronterizo Dominico-Haitiano -- Propuesta de optimización integral de la cadena de suministro militar para fortalecer la eficiencia logística operativa de la 4ta Brigada de Infantería, ERD. | ||
| 650 | 7 |
_2lemb _aLogística militar _vTesis y disertaciones académicas _xCadena de suministro _xAdministración logística _zRepública Dominicana |
|
| 650 | 7 |
_2lemb _aAbastecimiento militar _vTesis y disertaciones académicas _xPlanificación logística _xOperaciones militares _zFrontera dominico-haitiana |
|
| 700 | 1 |
_aSegura Domínguez, Wester _esustentante |
|
| 700 | 1 |
_aReyes Calderón, Pedro _easesor de contenido |
|
| 700 | 1 |
_aCruz Camacho, Reynaldo _easesor metodológico |
|
| 942 |
_2CL _cT |
||
| 999 |
_c8740 _d8740 |
||